00357nam a2200133Ia 4500008004100000020001500041041001200056082001600068100001600084245005200100260004700152300000800199650001600207221030s9999 xx 000 0 und d a8122406513 aEnglish a105.23bGup aS. K. Gupta 0aNumerical Methods for Engineerscby S. K. Gupta bNew Age International PubaNew Delhic2001 a407 aBE Computer